ਹਰ ਮੋੜ ਤੇ ਸਲੀਬਾਂ / (Record no. 109674)

MARC details
000 -LEADER
fixed length control field 00835nam a22002417a 4500
005 - DATE AND TIME OF LATEST TRANSACTION
control field 20170123164141.0
010 ## - LIBRARY OF CONGRESS CONTROL NUMBER
LC control number B-081094
020 ## - INTERNATIONAL STANDARD BOOK NUMBER
Terms of availability 250.00
035 ## - SYSTEM CONTROL NUMBER
System control number B-081094
040 ## - CATALOGING SOURCE
Original cataloging agency DPL
Language of cataloging PN
082 ## - DEWEY DECIMAL CLASSIFICATION NUMBER
Classification number 851
Edition number ਜਗਤਾ
100 ## - MAIN ENTRY--PERSONAL NAME
Personal name ਜਗਤਾਰ
9 (RLIN) 6954
245 ## - TITLE STATEMENT
Title ਹਰ ਮੋੜ ਤੇ ਸਲੀਬਾਂ /
Statement of responsibility, etc ਜਗਤਾਰ
246 ## - VARYING FORM OF TITLE
Title proper/short title Har mod tey saleeban
Remainder of title Jagtar
260 ## - PUBLICATION, DISTRIBUTION, ETC. (IMPRINT)
Place of publication, distribution, etc ਲੁਧਿਅਾਣਾ
Name of publisher, distributor, etc ਚੇਤਨਾ ਪ੍ਰਕਾਸ਼ਨ
270 ## - ADDRESS
Address ਪੰਜਾਬੀ ਭਵਨ,
City ਲੁਧਿਅਾਣਾ
300 ## - PHYSICAL DESCRIPTION
Extent 330p.
Dimensions 23cm(Hb)
650 ## - SUBJECT ADDED ENTRY--TOPICAL TERM
Topical term or geographic name as entry element ਪੰਜਾਬੀ -ਗਜ਼ਲਾਂ
9 (RLIN) 114749
650 ## - SUBJECT ADDED ENTRY--TOPICAL TERM
Topical term or geographic name as entry element ਪੰਜਾਬੀ ਸਾਹਿਤ
9 (RLIN) 114750
650 ## - SUBJECT ADDED ENTRY--TOPICAL TERM
Topical term or geographic name as entry element Punjabi gazals
9 (RLIN) 7347
650 ## - SUBJECT ADDED ENTRY--TOPICAL TERM
Topical term or geographic name as entry element Punjabi Literature
9 (RLIN) 781
942 ## - ADDED ENTRY ELEMENTS (KOHA)
Source of classification or shelving scheme Dewey Decimal Classification
Koha item type Punjabi Bks
Classification part 851
Call number suffix ਜਗਤਾ
Holdings
Withdrawn status Lost status Damaged status Not for loan Home library Current library Date acquired Source of acquisition Cost, normal purchase price Total Checkouts Full call number Barcode Date last seen Copy number Cost, replacement price Price effective from Koha item type
        Central Library Central Library 08/06/2015 Cen Lib / Ret 250.00   851 ਜਗਤਾ B-081094 08/06/2015 1 250.00 15/09/2016 Punjabi Bks

© Delhi Public Library
Hit Counter
free hit counter